Poema de la hermosa dama vestida de blanco y Lancelot, el capitán de dragones más valiente del mundo / (Record no. 196543)

MARC details
000 -LEADER
campo de control de longitud fija 01302nam a2200301 i 4500
001 - NÚMERO DE CONTROL
campo de control 196543
003 - IDENTIFICADOR DE NÚMERO DE CONTROL
campo de control ES-MaACL
005 - FECHA Y HORA DE LA ÚLTIMA TRANSACCIÓN
campo de control 20241016063115.0
007 - CAMPO FIJO DE DESCRIPCIÓN FÍSICA--INFORMACIÓN GENERAL
campo de control de longitud fija ta
008 - DATOS DE LONGITUD FIJA--INFORMACIÓN GENERAL
campo de control de longitud fija 241004b1977 sp ||||| |||| 00| 0 spa d
017 ## - NÚMERO DE COPYRIGHT O DE DEPÓSITO LEGAL
Número de copyright o de depósito legal M. Sep. 3.875-1958
040 ## - FUENTE DE CATALOGACIÓN
Lengua de catalogación spa
Centro/agencia transcriptor ES-MaACL
Centro/agencia modificador ES-MaACL
100 0# - ENTRADA PRINCIPAL--NOMBRE DE PERSONA
9 (RLIN) 63469
Nombre de persona Hesse, Carlota
Término indicativo de función/relación Autor
245 1# - MENCIÓN DEL TÍTULO
Título Poema de la hermosa dama vestida de blanco y Lancelot, el capitán de dragones más valiente del mundo /
Mención de responsabilidad, etc. Carlota Hesse
260 ## - PUBLICACIÓN, DISTRIBUCIÓN, ETC.
Lugar de publicación, distribución, etc. [Madrid :
Nombre del editor, distribuidor, etc. s.n.],
Fecha de publicación, distribución, etc. 1977.
Fabricante (Imp. FARESO)
300 ## - DESCRIPCIÓN FÍSICA
Extensión 6 p. ;
Dimensiones 24 cm
336 ## - TIPO DE CONTENIDO
Fuente rdacontent
Término de tipo de contenido texto
337 ## - TIPO DE MEDIO
Fuente rdamedia
Nombre/término del tipo de medio sin mediación
338 ## - TIPO DE SOPORTE
Fuente rdacarrier
Nombre/término del tipo de soporte volumen
500 ## - NOTA GENERAL
Nota general Tirada aparte de la revista "Cuadernos Hispanoamericanos" n.º 326-27
655 #7 - TERMINO DE INDIZACIÓN--GENERO/FORMA
Fuente del término tgfbne
9 (RLIN) 226859
Datos o término principal de género/forma Poemas en prosa
852 ## - LOCALIZACIÓN
Ubicación ES-MaACL
Ubicación en estantería Depósito folletos
Número de control de estantería FOLL-BUE-37
Anotaciones manuscritas Dedicatoria manuscrita de la autora, Carlota Hesse, para Antonio Buero Vallejo en cubierta reverso: "En recuerdo a un amigo de mi padre y con un fuerte abrazo [Firma]".
Donativo/Legado Legado: Antonio buero Vallejo
itemnumber 204263
903 ## - NOMBRE PERSONAL DE DONANTE
9 32421
a Buero Vallejo, Antonio,
q 1
d 1916-2000
e Donante
942 ## - ELEMENTOS DE ENTRADA SECUNDARIOS (KOHA)
Suprimir en OPAC No
Tipo de ítem Koha Folleto
Holdings
Estatus retirado Estado de pérdida Fuente del sistema de clasificación o colocación Estado de daño No para préstamo Colección Biblioteca de origen Biblioteca actual Ubicación en estantería Fecha de adquisición Fuente de adquisición Total de préstamos Signatura topográfica completa Código de barras Visto por última vez Precio de reemplazo Tipo de ítem Koha Nota pública
    Clasificación decimal universal     Libros con dedicatorias Biblioteca del Ateneo de Madrid Biblioteca del Ateneo de Madrid Depósito folletos 04/10/2024 Legado   FOLL-BUE-37 101229085 04/10/2024 04/10/2024 Folleto Dedicatoria manuscrita de la autora, Carlota Hesse, para Antonio Buero Vallejo.